Priekopníčka moderného umenia Želmíra Duchajová-Švehlová

Bibliographic Details
Main Author: Ilečková, Silvia, 1938- (Author)
Format: Article
Language:Slovak
PhysicalDescription:Obr. 4.
Subjects:

MARC

LEADER 00000nab a2200000 a 4500
001 vtls000287000
003 SK-MaSNL
005 20260302220419.0
008 160215c1987 xo 0 slo
015 |a SNBRB19rr/mm-uuuuu 
035 |a CL0297118 
040 |a SNKBUCL  |b slo  |c SNKBUCL  |e AACR2 
041 0 |a slo 
044 |a xo  |c SK 
080 |a 75.071.1  |2 1981 
080 |a 929 Duchajová-Švehlová, Želmíra  |2 1981 
100 1 |a Ilečková, Silvia,  |d 1938-  |4 aut  |9 39278 
245 1 0 |a Priekopníčka moderného umenia  |b Želmíra Duchajová-Švehlová  |c Silvia Ilečková 
300 |b Obr. 4. 
600 2 7 |a Duchajová-Švehlová, Želmíra,  |d 1880-1955  |2 snkbucl  |9 108078 
655 7 |a články z novín a časopisov  |2 snkbucl  |9 267496 
773 0 |t Príroda a spoločnosť  |g Roč. 37, č. 12 (1987), s. 46-48 
850 |a Slovenská národná knižnica v Martine  |a MTA001 
852 |a SNK  |b KIS3GCP 
958 |a BX 
958 |a RK 
992 |a RBX 
999 |c 1506921  |d 1508851